00369nam a2200097Ia 4500008004100000020001500041245015200056260003200208260001100240300002000251191206s9999 xx 000 0 und d a085924055X 0a"Siempre un paso más: la vida de Nano Nagle, fundadora de las congregaciones religiosas de la Presentación de la Bienaventurada Virgen María" aSisters of the Presentation ccc1990 a183 p. ; 22 cm.